Annweshanar Pol-Anupol (Record no. 10501)

MARC details
000 -LEADER
fixed length control field 00513cam a2200181ua 4500
001 - CONTROL NUMBER
control field 11708
005 - DATE AND TIME OF LATEST TRANSACTION
control field 20260515114805.0
008 - FIXED-LENGTH DATA ELEMENTS--GENERAL INFORMATION
fixed length control field 191024n ii |||gr||||Z||||||asm
040 ## - CATALOGING SOURCE
Transcribing agency MAIN
100 ## - MAIN ENTRY--PERSONAL NAME
Personal name Bhukhan Jyoti Handique,
Relator term Editor.
245 ## - TITLE STATEMENT
Title Annweshanar Pol-Anupol
Statement of responsibility, etc. Edited by Bhukhan Jyoti Handique
250 ## - EDITION STATEMENT
Edition statement 1st ed.
260 ## - PUBLICATION, DISTRIBUTION, ETC.
Place of publication, distribution, etc. Dibrugarh:
Name of publisher, distributor, etc. Abhinandan Books publication committee,
Date of publication, distribution, etc. 2018.
300 ## - PHYSICAL DESCRIPTION
Extent 423p.
653 ## - INDEX TERM--UNCONTROLLED
Uncontrolled term Praiseworthy Articles
700 ## - ADDED ENTRY--PERSONAL NAME
Personal name Jadav Gogoi,
Relator term Editor.
942 ## - ADDED ENTRY ELEMENTS (KOHA)
Koha item type Books
Holdings
Withdrawn status Lost status Damaged status Not for loan Home library Current library Shelving location Date acquired Total checkouts Full call number Barcode Date last seen Copy number Price effective from Koha item type
        Naharkatiya College Library Naharkatiya College Library General stacks 09/19/2020   HAN 27824 09/19/2020 1 09/19/2020 Books